[Event "AUTO-MASTER-2904"]
[Site "http://www.queenalice.com/game.php?id=1619491"]
[Date "2020.7.6"]
[Round "2"]
[White "Rutty"]
[Black "pestiferous"]
[Result "0-1"]
[WhiteElo "2115"]
[BlackElo "2117"]

1. e4 e6 2. d4 d5 3. e5 c5 4. Nf3 Nc6 5. c3 Bd7 6. Be3 cxd4 7. Bxd4 Nxd4 8. cxd4
Nh6 9. Bd3 Qb6 10. Qc2 Rc8 11. Nc3 g6 12. Qd2 a6 13. O-O Nf5 14. Bxf5 gxf5 15.
a3 h6 16. b4 Be7 17. Na4 Bxa4 18. Rfc1 Bc6 19. Rc3 Kd7 20. Rac1 Bg5 21. Nxg5
hxg5 22. f4 gxf4 23. Qxf4 Rcg8 24. h3 Rg6 25. R1c2 Rhg8 26. g3 Qd8 27. Kh2 Bb5
28. Qc1 Bc4 29. a4 Qb6 30. Rb2 Qxd4 31. b5 a5 32. Rf2 Qxf2+ 0-1

[Event "AUTO-MASTER-2904"]
[Site "http://www.queenalice.com/game.php?id=1619492"]
[Date "2020.7.6"]
[Round "2"]
[White "pestiferous"]
[Black "Rutty"]
[Result "0-1"]
[WhiteElo "2115"]
[BlackElo "2085"]

1. c4 c5 2. g3 Nc6 3. Bg2 Nf6 4. Nf3 g6 5. O-O Bg7 6. Nc3 O-O 7. d3 d5 8. cxd5
Nxd5 9. Qc2 Nxc3 10. bxc3 Be6 11. Bb2 Ne5 12. Nxe5 Bxe5 13. c4 Bxb2 14. Qxb2 Rb8
15. a4 b6 16. Rfb1 Qc7 17. Qc2 Kg7 18. Qc3+ f6 19. Qd2 Qd6 20. h4 Bxc4 21. h5
Bd5 22. Qe3 e5 23. Bf3 a6 24. Rb2 Bxf3 25. Qxf3 f5 26. Rab1 g5 27. Kg2 g4 28.
Qe3 h6 29. Kh2 f4 30. Qe4 fxg3+ 31. Kxg3 Rf6 32. Qxg4+ Kf7 33. Qc4+ Ke7 34. Rg1
Rf5 35. Qh4+ Rg5+ 36. Kh2 Qf6 37. a5 Rg2+ 0-1

[Event "AUTO-MASTER-2904"]
[Site "http://www.queenalice.com/game.php?id=1619495"]
[Date "2020.7.6"]
[Round "2"]
[White "CCapivara"]
[Black "pestiferous"]
[Result "1-0"]
[WhiteElo "2130"]
[BlackElo "2084"]

1. e4 c6 2. d4 d5 3. exd5 cxd5 4. Nf3 Bg4 5. Bd3 Nc6 6. c3 e6 7. O-O Qc7 8. Bg5
h6 9. Bh4 Bd6 10. Bg3 Nf6 11. Nbd2 O-O 12. Bxd6 Qxd6 13. Qa4 a6 14. Rae1 Nd7 15.
Bb1 Ne7 16. Ne5 Nxe5 17. dxe5 Qb6 18. Qxg4 Qxb2 19. Nb3 Qxc3 20. f4 Rad8 21. Nc1
Qd4+ 22. Kh1 Nf5 23. Bxf5 exf5 24. Qxf5 Rde8 25. Nb3 Qa4 26. Nc5 Qxa2 27. Nd7
1-0

[Event "AUTO-MASTER-2904"]
[Site "http://www.queenalice.com/game.php?id=1619496"]
[Date "2020.7.6"]
[Round "2"]
[White "pestiferous"]
[Black "CCapivara"]
[Result "1-0"]
[WhiteElo "2065"]
[BlackElo "2144"]

1. c4 e5 2. g3 d6 3. Nc3 f5 4. d3 Nf6 5. e4 Be7 6. Bg2 c6 7. Nge2 O-O 8. O-O Be6
9. Rb1 Nbd7 10. f4 fxe4 11. Nxe4 d5 12. Nxf6+ Bxf6 13. b3 dxc4 14. dxc4 Bg4 15.
Qc2 Bxe2 16. Qxe2 Qc7 17. fxe5 Nxe5 18. Bf4 Rae8 19. Qc2 Qb6+ 20. Kh1 Ng4 21. c5
Qd8 22. Be4 h6 23. Rbe1 Re7 24. Bd6 Rfe8 25. Bxe7 Qxe7 26. Bh7+ Kh8 27. Rxe7 1-0

[Event "AUTO-MASTER-2904"]
[Site "http://www.queenalice.com/game.php?id=1619499"]
[Date "2020.7.6"]
[Round "2"]
[White "pestiferous"]
[Black "Lamorteoscura77"]
[Result "0-1"]
[WhiteElo "2125"]
[BlackElo "2044"]

1. c4 c6 2. g3 d5 3. Nf3 Bg4 4. Bg2 Bxf3 5. Bxf3 e6 6. cxd5 exd5 7. d4 Nf6 8.
Nc3 Bd6 9. Bg5 O-O 10. O-O Nbd7 11. Qc2 h6 12. Bxf6 Nxf6 13. e3 Re8 14. Rfc1 h5
15. Rab1 h4 16. b4 Rc8 17. Qe2 Nd7 18. b5 hxg3 19. hxg3 Qg5 20. bxc6 bxc6 21.
Rb7 Nb6 22. Rxa7 Nc4 23. Bh5 g6 24. Bf3 Nxe3 25. Qd2 Bxg3 26. fxe3 Be1+ 0-1

[Event "AUTO-MASTER-2904"]
[Site "http://www.queenalice.com/game.php?id=1619500"]
[Date "2020.7.6"]
[Round "2"]
[White "Lamorteoscura77"]
[Black "pestiferous"]
[Result "0-1"]
[WhiteElo "2058"]
[BlackElo "2107"]

1. d4 e6 2. c4 f5 3. Nc3 Nf6 4. Bg5 c6 5. d5 exd5 6. cxd5 cxd5 7. Nxd5 Qa5+ 8.
Nc3 Ne4 9. Bd2 Nxd2 10. Qxd2 Bb4 11. Rc1 Nc6 12. a3 Be7 13. Nf3 O-O 14. Qd5+ Kh8
15. e3 Qxd5 16. Nxd5 d6 17. Rxc6 bxc6 18. Nxe7 Bb7 19. Bd3 f4 20. e4 Rae8 21.
Nxc6 Bxc6 22. Kd2 Bxe4 23. Bxe4 Rxe4 24. Kd3 Rfe8 25. Ng5 Re2 0-1

[Event "AUTO-MASTER-2979"]
[Site "http://www.queenalice.com/game.php?id=1622148"]
[Date "2020.7.30"]
[Round "1"]
[White "rmvwoods"]
[Black "pestiferous"]
[Result "1-0"]
[WhiteElo "2050"]
[BlackElo "2124"]

1. d4 e6 2. Nf3 f5 3. Nc3 Nf6 4. Bg5 d5 5. Qd3 Be7 6. e3 b6 7. Be2 Ba6 8. Qd2
Bxe2 9. Qxe2 Nbd7 10. O-O-O O-O 11. h4 c5 12. Ne5 c4 13. g4 Ne4 14. Bxe7 Qxe7
15. Nxe4 fxe4 16. f4 Nxe5 17. dxe5 Rac8 18. c3 b5 19. h5 b4 20. Qd2 bxc3 21.
Qxc3 Qc5 22. Rhf1 a5 23. f5 Rce8 24. f6 gxf6 25. exf6 Rf7 26. Qe5 Qxe3+ 27. Kb1
Qh3 28. Rh1 Qe3 29. Rdg1 a4 30. Rg3 Qb6 31. g5 Rb8 32. g6 d4 33. gxf7+ Kxf7 34.
Rg7+ Kf8 35. Rh2 c3 36. Rgg2 a3 37. b3 Rc8 38. Qg5 c2+ 39. Rxc2 1-0

[Event "AUTO-MASTER-2979"]
[Site "http://www.queenalice.com/game.php?id=1622149"]
[Date "2020.7.30"]
[Round "1"]
[White "pestiferous"]
[Black "rmvwoods"]
[Result "0-1"]
[WhiteElo "2108"]
[BlackElo "2088"]

1. c4 c5 2. g3 Nc6 3. Bg2 g6 4. Nf3 Bg7 5. O-O Nf6 6. Nc3 O-O 7. a3 d5 8. cxd5
Nxd5 9. Qc2 b6 10. d3 Bb7 11. Bd2 e6 12. Rab1 Nxc3 13. Bxc3 Nd4 14. Nxd4 Bxg2
15. Kxg2 cxd4 16. Bb4 Re8 17. Rfc1 a5 18. Bd2 Rc8 19. Qa4 Qe7 20. Qb5 Rb8 21.
Rc6 Qb7 22. Kg1 Rec8 23. Rbc1 Bf8 24. Rxc8 Rxc8 25. Rxc8 Qxc8 26. Qc4 Qc5 27.
Kg2 Qxc4 28. dxc4 e5 29. b4 a4 30. Kf3 f5 31. g4 e4+ 32. Kf4 Bd6+ 33. Kg5 fxg4
34. Kxg4 Bxh2 35. c5 bxc5 36. bxc5 d3 37. exd3 exd3 38. Kf3 Kf7 39. Ke4 Ke6 40.
c6 Kd6 41. c7 Kxc7 42. Kxd3 Bd6 43. Bh6 Bxa3 0-1

[Event "AUTO-MASTER-2979"]
[Site "http://www.queenalice.com/game.php?id=1622162"]
[Date "2020.7.30"]
[Round "1"]
[White "pomar"]
[Black "pestiferous"]
[Result "0-1"]
[WhiteElo "2101"]
[BlackElo "2047"]

1. f3 e5 2. Kf2 Nf6 3. e3 d5 4. c4 c6 5. cxd5 cxd5 6. d4 Nc6 7. Bb5 Bd6 8. Nc3
O-O 9. Nge2 Be6 10. Qa4 Qc7 11. g3 exd4 12. exd4 a6 13. Bxc6 bxc6 14. Be3 Rfe8
15. Rac1 Bf5 16. Bg5 Qb6 17. b3 h6 18. Bxf6 gxf6 19. a3 Bd3 20. b4 Bc4 21. Qc2
Re6 22. Rhd1 Rae8 23. Ng1 a5 24. Na4 Qa6 25. Nc5 Bxc5 26. bxc5 Re2+ 27. Nxe2
Rxe2+ 28. Qxe2 Bxe2 29. Re1 Bd3 30. Re8+ Kg7 31. Rce1 Bf5 32. g4 Be6 33. h4 Qd3
34. Ra8 Qxd4+ 35. Re3 Qxc5 36. a4 d4 37. Rd3 Qc2+ 0-1

[Event "AUTO-MASTER-2979"]
[Site "http://www.queenalice.com/game.php?id=1622163"]
[Date "2020.7.30"]
[Round "1"]
[White "pestiferous"]
[Black "pomar"]
[Result "0-1"]
[WhiteElo "2085"]
[BlackElo "2083"]

1. c4 e6 2. g3 c5 3. Bg2 Nc6 4. Nc3 Nf6 5. d3 a6 6. a4 Be7 7. Nf3 d5 8. cxd5
exd5 9. d4 O-O 10. O-O h6 11. h3 Be6 12. Be3 c4 13. Bf4 Nh5 14. Be3 Qb6 15. b3
cxb3 16. Qd2 Bb4 17. Rab1 Na5 18. Qb2 Rac8 19. Rbc1 Rc7 20. Ne5 Bxc3 21. Rxc3
Rxc3 22. Qxc3 Rc8 23. Qd3 Qb4 24. Bd2 Qxa4 25. Bxa5 Qxa5 26. Rb1 Rc3 27. Qd1 Qa2
28. Nd3 a5 29. Nc5 a4 30. Bf3 Nf6 31. Ra1 Qc2 0-1

[Event "AUTO-MASTER-2979"]
[Site "http://www.queenalice.com/game.php?id=1622172"]
[Date "2020.7.30"]
[Round "1"]
[White "pestiferous"]
[Black "Artking"]
[Result "1-0"]
[WhiteElo "2118"]
[BlackElo "1940"]

1. c4 Nf6 2. g3 g6 3. Bg2 Bg7 4. Nc3 c6 5. e4 d6 6. Nge2 e5 7. d3 Nbd7 8. Bg5 h6
9. Bd2 O-O 10. O-O a6 11. Rb1 b5 12. a3 Nc5 13. Qc2 Ne6 14. f3 Qb6+ 15. Kh1 Nh5
16. cxb5 cxb5 17. Qb3 Ng5 18. Nd5 Qa7 19. Be3 Qb8 20. Ne7+ Kh7 21. Nxc8 Qxc8 22.
Rfc1 Qd7 23. d4 exd4 24. Nxd4 Bxd4 25. Bxd4 Nh3 26. Qd5 Ng5 27. Rc6 Rfd8 28. Rd1
Rac8 29. Rxa6 Rc4 30. Kg1 Ne6 31. Be5 Nf8 32. Rxd6 1-0

[Event "AUTO-MASTER-2979"]
[Site "http://www.queenalice.com/game.php?id=1622173"]
[Date "2020.7.30"]
[Round "1"]
[White "Artking"]
[Black "pestiferous"]
[Result "1-0"]
[WhiteElo "1936"]
[BlackElo "2120"]

1. e4 e6 2. d4 d5 3. Nc3 Bb4 4. e5 c5 5. a3 Bxc3+ 6. bxc3 Ne7 7. Qg4 Qc7 8. Qxg7
Rg8 9. Qxh7 cxd4 10. Kd1 Nbc6 11. f4 Bd7 12. Nf3 O-O-O 13. Ng5 Rxg5 14. fxg5
Qxe5 15. Qxf7 dxc3 16. Bd3 Nd4 17. Qxe7 1-0

[Event "AUTO-ELITE-2198"]
[Site "http://www.queenalice.com/game.php?id=1626004"]
[Date "2020.9.4"]
[Round "2"]
[White "yamato"]
[Black "pestiferous"]
[Result "1-0"]
[WhiteElo "2233"]
[BlackElo "2068"]

1. d4 e6 2. Nf3 f5 3. c4 Nf6 4. g3 c6 5. Bg2 d5 6. Qc2 Bd6 7. b3 Qe7 8. Bb2 O-O
9. Nbd2 Ne4 10. O-O Nd7 11. Rac1 Ndf6 12. Ne5 Nxd2 13. Qxd2 Bd7 14. e3 Ne4 15.
Qc2 Bxe5 16. dxe5 Be8 17. Rfd1 Bh5 18. f3 Ng5 19. Rf1 1-0

[Event "AUTO-ELITE-2198"]
[Site "http://www.queenalice.com/game.php?id=1626005"]
[Date "2020.9.4"]
[Round "2"]
[White "pestiferous"]
[Black "yamato"]
[Result "0-1"]
[WhiteElo "2078"]
[BlackElo "2225"]

1. c4 c5 2. g3 Nf6 3. Bg2 d5 4. cxd5 Nxd5 5. Nc3 Nc7 6. Nf3 Nc6 7. d3 e5 8. O-O
Be7 9. Be3 O-O 10. Rc1 Be6 11. Ne4 b6 12. Nc3 Qd7 13. Re1 f6 14. Nd2 Rac8 15. f4
exf4 16. Bxf4 Nd5 17. Nxd5 Bxd5 18. a3 Bxg2 0-1

[Event "AUTO-MASTER-2884"]
[Site "http://www.queenalice.com/game.php?id=1626867"]
[Date "2020.9.14"]
[Round "2"]
[White "attachui"]
[Black "pestiferous"]
[Result "1-0"]
[WhiteElo "2117"]
[BlackElo "2031"]

1. d4 e6 2. e4 d5 3. e5 c5 4. c3 Nc6 5. Nf3 Bd7 6. Be2 Qb6 7. O-O Nh6 8. Qb3 Nf5
9. Be3 Qxb3 10. axb3 cxd4 11. Bxd4 Ncxd4 12. Nxd4 Nxd4 13. cxd4 Be7 14. Nc3 a6
15. Na4 Bd8 16. Nc5 Bc6 17. f4 O-O 18. f5 Be7 19. fxe6 Bxc5 20. exf7+ Rxf7 21.
Rxf7 Kxf7 22. dxc5 Re8 23. Bxa6 Rxe5 24. Bd3 1-0

[Event "AUTO-MASTER-2884"]
[Site "http://www.queenalice.com/game.php?id=1626868"]
[Date "2020.9.14"]
[Round "2"]
[White "pestiferous"]
[Black "attachui"]
[Result "0-1"]
[WhiteElo "2045"]
[BlackElo "2107"]

1. c4 e5 2. g3 d5 3. cxd5 Qxd5 4. Nf3 Nc6 5. Nc3 Qd8 6. d3 Bc5 7. Bg2 Nge7 8.
O-O O-O 9. Qc2 Nd4 10. Nxd4 Bxd4 11. e3 Bb6 12. Na4 Bd7 13. Nxb6 axb6 14. Bd2
Bf5 15. Rfc1 c5 16. Qc3 f6 17. e4 Be6 18. b3 Nc6 19. Qc2 Nd4 20. Qd1 Nxb3 21.
axb3 Rxa1 22. Rxa1 Qxd3 23. Be3 Qxb3 24. Qxb3 Bxb3 0-1

[Event "AUTO-MASTER-2884"]
[Site "http://www.queenalice.com/game.php?id=1626871"]
[Date "2020.9.14"]
[Round "2"]
[White "erig1969"]
[Black "pestiferous"]
[Result "1-0"]
[WhiteElo "2120"]
[BlackElo "2059"]

1. d4 e6 2. c4 f5 3. g3 Nf6 4. Bg2 c6 5. Nc3 d5 6. Nf3 Bd6 7. c5 Bc7 8. O-O O-O
9. Bd2 Ne4 10. Nxe4 fxe4 11. Ne1 b6 12. b4 Nd7 13. Qc1 Ba6 14. Qd1 Qe8 15. Nc2
e5 16. Re1 exd4 17. Nxd4 Ne5 18. Qa4 Bc4 19. Qc2 Qf7 20. Rf1 Qh5 21. Bc3 Ng4 22.
h3 Nf6 23. Ne6 Rfc8 24. Qb2 Bxe2 25. Rfe1 Bf3 26. Bxf6 gxf6 27. Qxf6 Be5 28.
Qg5+ Qxg5 29. Nxg5 Bxa1 30. Rxa1 Bxg2 31. Kxg2 bxc5 32. bxc5 Rab8 33. Ne6 Rb2
34. Kf1 Rcb8 35. Nd4 Rb1+ 36. Rxb1 Rxb1+ 37. Kg2 Rc1 38. Nxc6 1-0

[Event "AUTO-MASTER-2884"]
[Site "http://www.queenalice.com/game.php?id=1626872"]
[Date "2020.9.14"]
[Round "2"]
[White "pestiferous"]
[Black "erig1969"]
[Result "0-1"]
[WhiteElo "2093"]
[BlackElo "2108"]

1. c4 b6 2. Nc3 e6 3. Nf3 Nf6 4. e4 Bb7 5. d3 Nc6 6. Bg5 Be7 7. Be2 h6 8. Bh4 g5
9. Bg3 Nh5 10. Nd2 Nxg3 11. fxg3 Bf6 12. Bh5 O-O 13. Qc2 Nb4 14. Qb1 Nc6 15. Be2
Nd4 16. O-O Nxe2+ 17. Nxe2 d5 18. Qc2 dxc4 19. Nxc4 c5 20. Kh1 Bg7 21. Nc3 a6
22. a4 Bc6 23. e5 Rb8 24. Nd6 Bxe5 25. Nde4 f6 26. a5 Bxe4 27. Nxe4 Qd5 28. axb6
Rxb6 29. Ra5 Rxb2 30. Qxc5 Qxd3 0-1